THE RADIO AMATEURS HANDBOOK A STANDARD MANUAL OF AMATEUR RADIO COMMUNICATION (Record no. 584244)
[ view plain ]
| 000 -LEADER | |
|---|---|
| fixed length control field | 00276nam a22001097a 4500 |
| 082 ## - DEWEY DECIMAL CLASSIFICATION NUMBER | |
| Classification number | 621.384166 RAD'A |
| 245 ## - TITLE STATEMENT | |
| Title | THE RADIO AMATEURS HANDBOOK A STANDARD MANUAL OF AMATEUR RADIO COMMUNICATION |
| 250 ## - EDITION STATEMENT | |
| Edition statement | 50TH |
| 260 ## - PUBLICATION, DISTRIBUTION, ETC. | |
| Place of publication, distribution, etc. | USA |
| Name of publisher, distributor, etc. | ARRL |
| Date of publication, distribution, etc. | 1973 |
| 300 ## - PHYSICAL DESCRIPTION | |
| Extent | 664P |
| 942 ## - ADDED ENTRY ELEMENTS (KOHA) | |
| Koha item type | Book |
| Withdrawn status | Lost status | Damaged status | Not for loan | Permanent Location | Current Location | Shelving location | Date acquired | Total Checkouts | Full call number | Barcode | Date last seen | Price effective from | Koha item type |
|---|---|---|---|---|---|---|---|---|---|---|---|---|---|
| College of Electrical & Mechanical Engineering (CEME) | College of Electrical & Mechanical Engineering (CEME) | Reference | 07/03/2017 | 621.384166 RAD'A | CEME-6980 | 06/28/2021 | 06/28/2021 | Book |
